|
|
|
|
| LEADER |
00983 a2200229 4500 |
| 008 |
160726s9999 xx 000 0 eng d |
| 020 |
|
|
|a 9780495115212
|
| 082 |
|
|
|a 158.35 COR/T
|
| 100 |
1 |
|
|a Corey, Gerald.
|
| 245 |
1 |
0 |
|a Theory and practice of group counseling /
|c Gerald Corey.
|
| 250 |
|
|
|a 7th ed.
|
| 260 |
|
|
|a Belmont, CA :
|b Thomson/Brooks/Cole,
|c 2008.
|
| 300 |
|
|
|a xxiv, 513 p. ;
|
| 504 |
|
|
|a Includes bibliographical references and indexes.
|
| 650 |
|
0 |
|a Group counseling.
|
| 650 |
|
0 |
|a Small groups.
|
| 906 |
|
|
|a 7
|b cbc
|c origcop
|d 3
|e epcn
|f 20
|g y-gencatlg
|
| 942 |
|
|
|c REF
|
| 955 |
|
|
|a pv07 2007-05-01 z-processor to SSCD
|i sh48 2007-05-21
|
| 999 |
|
|
|c 252176
|d 252176
|
| 952 |
|
|
|0 0
|1 0
|4 0
|6 158_350000000000000_COR_T
|7 0
|9 280854
|a PSY
|b PSY
|c REF
|d 2016-07-26
|g 0.00
|i 3519
|l 0
|o 158.35 COR/T
|p PSY3519
|r 2010-09-20
|w 2016-07-26
|y REF
|
| 952 |
|
|
|0 0
|1 0
|2 ddc
|4 0
|6 158_350000000000000_COR_T
|7 0
|9 342310
|a LLE
|b LLE
|c REF
|d 2008-02-08
|e Cosmo Books
|g 1195.00
|i 2304
|o 158.35 COR/T
|p LLE2304
|r 2018-12-03
|y REF
|